01240 a2200169 45000010006000000050017000060080041000230030015000640400040000790800052001192450033001712640049002043000019002535050645002721000029009178560124009462256620260407155516.0260407a1980 arg spa dAR-UNSa-BCEJYS aAR-UNSa-BCEJYSbspacAR-UNSa-BCEJYS a336.2xIngresos públicos (Derecho tributario)10aDerecho tributario argentino 1aBuenos Aires :bLiceo Profesional Cimac1980 a451 p.c22 cm. aTitulo I: Los recursos tributarios: 1. Importancia y teorías sobre los tributos - 2. Los impuestos - 3. Las tasas - 4. Las contribuciones especiales - Titulo II: Principios generales del derecho tributario: 5. Nociones preliminares sobre el derecho tributario - 6. La interpretación de las normas tributarias - 7. Efectos de las normas tributarias tanto en el tiempo como en el espacio - Titulo III: Las subdivisiones del derecho constitucional : 8. El derecho tributario constitucional - 9. El derecho tributario sustantivo - 10. El derecho tributario administrativo - 11. El derecho tributario procesal - 12. Derecho tributario penal.1 aMartín, José María41uhttps://biblioeco.unsa.edu.ar/pmb/images/libros/Derecho Tributarion Argentino-l39666.jpgyImagen de portadaqimage/jpeg